Loading...
| Fine Arts - Classical Music | 2 | 5.00 | 50% | 0% | 0% |
| Fine Arts - Other | 4 | 5.00 | 50% | 0% | 0% |
| Fine Arts - Painting and Sculpture | 1 | 10.00 | 100% | 0% | 0% |
| History - American | 5 | 14.00 | 80% | 40% | 20% |
| History - European | 1 | 10.00 | 100% | 0% | 0% |
| History - Other | 3 | 13.33 | 100% | 33% | 0% |
| History - World | 2 | 15.00 | 100% | 50% | 0% |
| Literature - American | 1 | 0.00 | 0% | 0% | 0% |
| Literature - European | 2 | 10.00 | 100% | 0% | 0% |
| Literature - World | 3 | 10.00 | 67% | 33% | 0% |
| Mythology | 2 | 15.00 | 100% | 50% | 0% |
| Philosophy | 1 | 0.00 | 0% | 0% | 0% |
| Religion | 3 | 6.67 | 67% | 0% | 0% |
| Science - Chemistry | 3 | 3.33 | 33% | 0% | 0% |
| Science - Other | 1 | 10.00 | 100% | 0% | 0% |
| Science - Physics | 3 | 16.67 | 100% | 67% | 0% |